| 000 | 00659nam a2200193 a 4500 | ||
|---|---|---|---|
| 005 | 20240224063732.0 | ||
| 008 | 991125s1988 mx 000 0 spa u | ||
| 020 | _a9682921015 | ||
| 035 | _aUPN01000024941 | ||
| 049 | _aCG | ||
| 050 | 4 |
_aLB1731 _bF6.5 |
|
| 245 | 0 | 3 |
_aLa formación de maestros y práctica docente / _ccoord. Ruth Mercado. |
| 260 |
_aMéxico : _bIPN, Centro de Investigación y de Estudios Avanzados, Departamento de Investigaciones Educativas, _c1988. |
||
| 300 |
_a107 p. : _etablas. |
||
| 440 | 0 | _aDIE memorias | |
| 650 | 4 |
_aMaestros en servicio, Formación de _zMéxico _9882 |
|
| 700 | 1 |
_aMercado, Ruth, _ecoord. _929308 |
|
| 905 | _aLibro | ||
| 999 |
_c24941 _d24941 |
||